Statistiques concernant Culture Générale - Série 150

Cliquez ici pour prendre le quiz!

Statistiques générales

  • Ce quiz a été pris 305 fois
  • Le résultat moyen est 5 sur 10

Statistiques - réponses

QuestionRéponse% Correct
Quel spécialiste étudie et soigne les affections de la peau ?Dermatologue
95%
Quel animal produit le lait dont on fait le livarot ?Vache
94%
De quel héros Frère Tuck est-il l'un des plus fidèles compagnons ?Robin des Bois
71%
Dans quel art Gabriel Fauré s'est-il illustré ?Musique
62%
Quel est le prénom de la soeur qui "ne voit rien venir" dans "Barbe Bleue" ?Anne
49%
Quel animal était Raymond Barre dans le "Bébête Show" ?Ours
39%
Quel nom portent les ronds de graisse apparaissant sur du bouillon ?Yeux
38%
En 2006, qui demande à Charlotte Gainsbourg de lui "prêter sa main" ?Alain Chabat
31%
Quelle formation musicale de Lann- Bihoué Alain Souchon a-t-il chantée ?Le bagad
28%
A quel réalisateur japonais doit-on le film "Dersou Ouzala" en 1975 ?Akira Kurosawa
13%

Distribution des résultats

Percentile par nombre de réponses

% des personnes avec chaque résultat

Votre développement - résultats

Vous n’avez pas pris ce quiz